000 01057nam a2200313Ia 4500
003 OSt
005 20221006160106.0
006 a|||||r|||| 00| 0
007 ta
008 221006b |||||||| |||| 00| 0 eng d
020 _a9780262122214
_c
_48.00
024 _a44,262
037 _bGift, KCC (Window on Korea)
_cTextual
040 _aEASL
_cEASL
_beng
041 _2eng
_aeng
082 _aX8(A).495, N9
100 _aLim Youngil
_9270158
245 0 _aTechnology and productivity
_b The Korean way of learning and catching up
260 _aCambridge
_bMIT Press
_c1999
300 _a261p.
_ccm.
490 _v KEL
650 _a Business enterprises - Korea - South
_9671859
650 _a Human capital - Korea - South
_9671860
650 _a Industrial policy - Korea - South
_9650379
650 _a Technology and state - Korea - South
_9671861
650 _aIndustrial productivity - Korea - South
_9671862
942 _hX8(A).495, N9
_cTEXL
_2CC
999 _c1112354
_d1112354